000 00847nam a2200181 a 4500
008 120416s1989 xx |||||||||||||| || u
050 _aQD 39.2 Gil
100 _aGill, Robin
245 1 0 _aChemical fundamentals of geology
260 _c1989
300 _a: ill.
350 _a0.00
650 _aCHEMICAL GEOLOGY
650 0 _aCHEMISTRY--HANDBOOKS, MANUALS, ETC
995 _aANNEX COLLECTION (Main Library)
_D0.00
_e721539
_FCBU-MAIN LIBRARY (Kitwe)
_H1
_I60.00
_jQD 39.2 Gil
_M1
_UAVAILABLE
_y020307
_ZAnnex Low-Usage Collection
995 _aANNEX COLLECTION (Main Library)
_D0.00
_e721538
_FCBU-MAIN LIBRARY (Kitwe)
_H2
_I60.00
_jQD 39.2 Gil
_M2
_UAVAILABLE
_y024073
_ZAnnex Low-Usage Collection
995 _aANNEX COLLECTION (Main Library)
_D0.00
_e721540
_FCBU-MAIN LIBRARY (Kitwe)
_H3
_I60.00
_jQD 39.2 Gil
_M3
_UAVAILABLE
_y54089
_ZAnnex Low-Usage Collection
999 _c79294
_d79294